| 000 | 01967nam0a2200421 4500 | ||
|---|---|---|---|
| 001 | RU\NLR\BIBL_A\011627621 | ||
| 005 | 20190131132509.0 | ||
| 010 |
_a978-5-9060-9009-6 _91000 |
||
| 021 |
_aRU _bКН-П-18-002339 _9КН-П-18-0161 |
||
| 035 | _a(NLR Aleph) 011627621 | ||
| 035 | _a(RuMoRGB)009515658 | ||
| 090 |
_a11016223 _c11016223 |
||
| 100 | _a20180213d2017 k y0rusy50 ca | ||
| 101 | 0 | _arus | |
| 102 | _aRU | ||
| 105 | _aachgzz||||1zd | ||
| 200 | 1 |
_aИнтонация как ценность: протосмыслы. Древняя Русь _fН. С. Серегина _gМинистерство культуры Российской Федерации, Российский институт истории искусств |
|
| 210 |
_aСанкт-Петербург _cГаларт+ _dcop. 2017 |
||
| 215 |
_a398, [1] с. _cил., ноты, факс., табл. _d21 |
||
| 225 | 1 |
_aСерия "Ценностные основания русской художественной культуры" _vвып. IV |
|
| 320 | _aБиблиогр.: с. 344-399 (705 назв.) | ||
| 517 | 1 | _aДревняя Русь | |
| 606 | 1 |
_aМузыка древнерусская _9935894 _3RU\NLR\AUTH\66345404 |
|
| 606 | 1 |
_aМузыка и религия _91209695 _3RU\NLR\AUTH\66490959 |
|
| 606 | 1 |
_aМузыка и изобразительное искусство _91635092 _3RU\NLR\AUTH\66722539 |
|
| 606 | 1 |
_aИнтонация (муз.) _91356727 _3RU\NLR\AUTH\66252671 |
|
| 606 | 1 |
_aДревнерусская литература и музыка _92357198 _3RU\NLR\AUTH\6601630425 |
|
| 686 | 1 | _aЩ313(2Р=Рус)3 | |
| 686 | 1 | _aЩ310.13 | |
| 686 | 1 | _aЩ310.17 | |
| 686 | 1 | _aЩ310.064 | |
| 686 | 1 | _aШ5(2=Р)3-304.5 | |
| 700 | 1 |
_aСерегина _bН. С. _gНаталья Семеновна |
|
| 942 | _cBOOK | ||
| 980 | _aNBR | ||
| 980 | _aNB | ||